Footballeurs de A à Z en images - Statistiques

Statistiques générales
  • Ce quiz a été pris 8 762 fois
  • Le résultat moyen est 21 sur 26
Statistiques - réponses
Par images Hint Réponse % Correct
G Antoine Griezmann
97%
M Lionel Messi
97%
R Cristiano Ronaldo
96%
H Erling Haaland
96%
P Pelé
94%
D Kevin De Bruyne
93%
S Mohamed Salah
93%
I Zlatan Ibrahimovic
93%
Z Zinédine Zidane
92%
K Kakà
90%
B David Beckham
89%
N Manuel Neuer
88%
L Robert Lewandowski
88%
U Samuel Umtiti
88%
A Pierre-Emerick Aubameyang
87%
C Johan Cruyff
84%
F Bruno Fernandes
79%
V Arturo Vidal
76%
E Christian Eriksen
76%
T Francesco Totti
74%
Q Ricardo Quaresma
72%
O Victor Osimhen
69%
Y Lev Yachine
68%
X Granit Xhaka
66%
W Georginio Wijnaldum
62%
J Raúl Jiménez
40%
Aucun quiz correspondant
Distribution des résultats
% des personnes avec chaque résultat
Percentile par nombre de réponses
Votre historique - résultats
Vous n’avez pas pris ce quiz